| 000 | 00958nam a2200289 i 4500 | ||
|---|---|---|---|
| 001 | 000022417 | ||
| 003 | DO-SdBNP | ||
| 005 | 20231204095226.0 | ||
| 007 | ta | ||
| 008 | 101008s2009 dr a 000 0 spa d | ||
| 020 | _a9789945002034 | ||
| 040 |
_aDO-SdBNP _bspa _cBNPHU _erda |
||
| 049 | _aBNPD | ||
| 082 | 4 |
_bM878r _222 |
|
| 100 | 1 |
_aMorrison, Hiddekel, _d1978- _946215 _eautor |
|
| 245 | 1 | 3 |
_aLa República Dominicana en la sociedad de la información : _bcomo la tecnología impacta nuestras vidas / _cHiddekel Morrison. |
| 264 |
_aSanto Domingo : _bDe Revista, _c2009. |
||
| 300 |
_a172 páginas : _bilustraciones, graficos ; _c23 cm. |
||
| 336 |
_2rdacontent _atexto _btxt |
||
| 337 |
_2rdamedia _asin mediación _bn |
||
| 338 |
_2rdacarrier _avolumen _bnc |
||
| 500 | _aIncluye referencias bibliográficas en la contracubierta | ||
| 504 | _aBibliografía : 154-172 | ||
| 590 | _aInventariado, 2023/BT | ||
| 910 | _aBtavárez | ||
| 942 |
_2ddc _cLBS1 |
||
| 999 |
_c21915 _d21915 |
||